Minimalizovat riziko pomocí manažmentu projektu
Minimalizácia rizika pri vývoji nového výrobku. Úlohou správneho plánovania projektu je vedieť čeliť týmto rizikám. Okruhy problémov, ktoré predstavujú jednotlivé riziká.
Na minha lista:
| Formato: | Capítulo de Livro |
|---|---|
| Idioma: | tcheco |
| Assuntos: | |
| Tags: |
Sem tags, seja o primeiro a adicionar uma tag!
|
MARC
| LEADER | 00000naa a2200000 4500 | ||
|---|---|---|---|
| 001 | r016381 | ||
| 005 | 20221213090203.1 | ||
| 041 | 0 | |a cze | |
| 044 | |a SK | ||
| 245 | 1 | 0 | |a Minimalizovat riziko pomocí manažmentu projektu |
| 520 | |a Minimalizácia rizika pri vývoji nového výrobku. Úlohou správneho plánovania projektu je vedieť čeliť týmto rizikám. Okruhy problémov, ktoré predstavujú jednotlivé riziká. | ||
| 610 | 2 | 0 | |a riziko |
| 610 | 2 | 0 | |a výrobky nové |
| 610 | 2 | 0 | |a manažment |